Rapport sur l'homophobie 2008 /

Salvato in:
Dettagli Bibliografici
Ente Autore: SOS homophobie
Natura: Libro
Lingua:inglese
Pubblicazione: Paris KTM éditions 2008
Serie:Rapport sur l'homophobie
Accesso online:Télécharger le Rapport sur l'homophobie 2008
Tags: Aggiungi Tag
Nessun Tag, puoi essere il primo ad aggiungerne!!

MARC

LEADER 00000nam a2200000 4500
003 ct
005 20250821115329.0
008 240522b |||||||| |||| 00| 0 eng d
020 |a 9782917010037 
040 |c GP 
110 |a SOS homophobie 
245 |a Rapport sur l'homophobie 2008 /  |c SOS homophobie 
260 |a Paris  |b KTM éditions  |c 2008 
490 |a Rapport sur l'homophobie 
856 |u https://www.sos-homophobie.org/informer/rapport-annuel-lgbtiphobies/ra-2008  |y Télécharger le Rapport sur l'homophobie 2008 
942 |2 ddc  |c BK  |n 0 
952 |0 0  |1 0  |2 ddc  |4 0  |6 306_766000000000000_SOS  |7 1  |9 1307  |a RM  |b RM  |d 2024-05-22  |l 0  |o 306.766 SOS  |p 107  |r 2024-05-22 18:35:56  |w 2024-05-22  |y BK 
999 |c 1208  |d 1208